Le haut commandement allemand en 1914 (Record no. 92387)
[ view plain ]
| 000 -LEADER | |
|---|---|
| fixed length control field | 00740cam a22002171 4500 |
| 001 - CONTROL NUMBER | |
| control field | war22000096 |
| 003 - CONTROL NUMBER IDENTIFIER | |
| control field | DLC |
| 005 - DATE AND TIME OF LATEST TRANSACTION | |
| control field | 20260227112812.0 |
| 008 - FIXED-LENGTH DATA ELEMENTS--GENERAL INFORMATION | |
| fixed length control field | 770511s1922 fr 000 0 fre c |
| 010 ## - LIBRARY OF CONGRESS CONTROL NUMBER | |
| LC control number | war22000096 |
| 035 ## - SYSTEM CONTROL NUMBER | |
| System control number | (OCoLC)2955053 |
| 040 ## - CATALOGING SOURCE | |
| Original cataloging agency | U.S. Army War College |
| Transcribing agency | NSyU |
| Modifying agency | DLC |
| 050 00 - LIBRARY OF CONGRESS CALL NUMBER | |
| Classification number | D531 |
| Item number | .D75 |
| 100 1# - MAIN ENTRY--PERSONAL NAME | |
| Personal name | Dupont, Charles Joseph. |
| 245 13 - TITLE STATEMENT | |
| Title | Le haut commandement allemand en 1914 |
| Remainder of title | (du point de vue allemand) |
| Statement of responsibility, etc. | Préface du maréchal Joffre. |
| 260 ## - PUBLICATION, DISTRIBUTION, ETC. | |
| Place of publication, distribution, etc. | Paris, |
| Name of publisher, distributor, etc. | Chapelot, |
| Date of publication, distribution, etc. | 1922. |
| 300 ## - PHYSICAL DESCRIPTION | |
| Extent | 4 p. l., 111 p., 2 l. |
| Other physical details | 1 illus., double map. |
| Dimensions | 23 cm. |
| 500 ## - GENERAL NOTE | |
| General note | At head of title: Général Dupont. |
| 650 #0 - SUBJECT ADDED ENTRY--TOPICAL TERM | |
| Topical term or geographic name entry element | World War, 1914-1918 |
| General subdivision | Campaigns |
| Geographic subdivision | Western Front. |
| 610 10 - SUBJECT ADDED ENTRY--CORPORATE NAME | |
| Corporate name or jurisdiction name as entry element | Prussia. |
| Subordinate unit | Grosser generalstab. |
No items available.